Soumrak homo economicus rozhovor s Romanem Chlupatým

Guardado en:
Detalles Bibliográficos
Autor principal: Sedláček, Tomáš
Otros Autores: Orrell, David
Formato: Libro
Lenguaje:checo
Publicado: Praha Nakladatelství 65. pole 2012
Colección:Double
Materias:
Etiquetas: Agregar Etiqueta
Sin Etiquetas, Sea el primero en etiquetar este registro!

MARC

LEADER 00000nam a2200000 4500
001 0151977
005 20240313090431.4
020 |a 978-80-87506-07-3 
041 0 |a cze 
044 |a CZ 
245 1 0 |a Soumrak homo economicus  |b rozhovor s Romanem Chlupatým  |c Tomáš Sedláček & David Orrell 
264 1 |a Praha  |b Nakladatelství 65. pole  |c 2012 
300 |a 77 s. 
490 1 |a Double 
830 0 |a Double 
610 2 0 |a kríza 
610 2 0 |a problémy spoločenské 
610 2 0 |a moc politická 
610 2 0 |a politika hospodárska 
610 2 0 |a situácia hospodárska 
610 2 0 |a situácia sociálna 
610 2 0 |a matematika 
610 2 0 |a filozofia 
610 2 0 |a myslenie ekonomické 
100 1 |a Sedláček, Tomáš 
700 1 |a Orrell, David